000 00694nam a2200181 4500
999 _c15899
_d15899
008 201217b ||||| |||| 00| 0 eng d
022 _a0732-8435
082 _aDPer 657.05 C33 Sept - Mar 2015, v. 85 - 86
245 _aThe New York City unincorporated business tax:
_bunderstanding the effect on pass-through entities/
_cCorey Rosenthal and three others.
260 _aNew York:
_bThe New York State Society of CPA,
_c©2015.
300 _av85 n12, pages 64-65;
_billustrations;
_c28 cm.
650 _aTaxation.
_942693
650 _a
_942712
700 _aMorhart, J.
_eAuthor.
_942715
700 _aRabinowits, P.
_eAuthor.
_942716
700 _aDuffy, P.
_eAuthor.
_942717
942 _2ddc
_cPER